000 00822nam a2200277 i 4500
001 66359
003 ES-MaACL
005 20231111062527.0
007 t|
008 980812s1998 sp ||||0| spa d
020 _a84-88676-43-3
040 _aM-BN
_bspa
_cM-BN
080 _a915.40(0:82)
080 _a821.134.2.09
100 1 _aGallud Jardiel, Enrique.
_953651
245 1 3 _aLa India en la literatura española /
_cEnrique Gallud Jardiel.
260 _aMadrid :
_bAlderabán,
_c[1998]
300 _a299 p ;
_c17 cm.
490 1 _aSileno ;
_v2
504 _aBibliografía: p.[259]-277.
650 4 _aLiteratura española-
_xHistoria y crítica
_914560
651 4 _aIndia-
_xEn la literatura.
_98840
830 0 _aSileno ;
_v2
_9180430
852 _aES-MaACL
_jL-26871
_bR.132540
999 _c66359
_d66359